000 00622cab a2200181 4500
001 L130321
008 050714n2005 000 0 eng u
035 _a(Sirsi) u130321
041 _aeng
100 _aHarding, David
245 _aStone restoration
260 _c2005
490 _aBuilding
_v270(8386) 17 June 2005, 78-82(5)
520 _aNext in the series of specialist market overviews looking at stone restoration and conservation. Covers hot topics, costs and key contractors.
590 _aIKA190705
690 _aBUILT ENVIRONMENT-BUILDING MAINTENANCE AND REFURBISHMENT-BUILDING RESTORATION
942 _n0
999 _c75550
_d75550